Concellos de Lugo (con mapa) - Estadísticas

Estadísticas generales
  • Esta prueba ha sido intentada 3.362 veces
    207 desde el último reinicio
  • La puntuación promedio es 50 de 67
Respuestas en el mapa
Las respuestas están codificadas por una escala verde-roja en el mapa de la prueba según el % correcto abajo.
 
Estadísticas de respuestas
Respuesta % Correcto
Lugo
98%
Ribadeo
97%
Vilalba
97%
Burela
94%
Foz
94%
Viveiro
94%
Monforte de Lemos
92%
A Fonsagrada
89%
Guitiriz
89%
Quiroga
89%
Xove
88%
Chantada
86%
Friol
86%
O Vicedo
86%
Cervo
83%
Rábade
83%
Cervantes
82%
Mondoñedo
82%
Palas de Rei
82%
Sarria
82%
Barreiros
80%
Castro de Rei
80%
Outeiro de Rei
80%
Negueira de Muñiz
79%
Xermade
79%
Meira
77%
Becerreá
76%
Castroverde
76%
Guntín
76%
Monterroso
76%
Muras
76%
Sober
76%
Antas de Ulla
74%
A Pontenova
74%
Cospeito
73%
O Corgo
73%
Abadín
71%
Baralla
71%
Begonte
71%
Navia de Suarna
71%
Ourol
71%
Folgoso do Courel
70%
Lourenzá
70%
O Páramo
70%
Portomarín
70%
Ribas de Sil
70%
Riotorto
70%
Taboada
70%
As Nogais
68%
Baleira
68%
Pedrafita do Cebreiro
68%
Trabada
68%
O Incio
67%
O Valadouro
67%
Samos
67%
A Ribeira de Piquín
65%
O Saviñao
65%
Pol
64%
Triacastela
64%
Bóveda
62%
Carballedo
62%
Paradela
62%
Láncara
61%
Pantón
61%
A Pobra do Brollón
59%
Pastoriza
59%
Alfoz do Castrodouro
42%
No se encontraron pruebas coincidentes
Distribución de puntuación
Porcentaje de gente con cada puntuación
Porcentaje por número respondido
Historial de tus puntuaciones
No has intentado esta prueba desde el último reinicio